000 01342nac a22004577a 4500
001 BR2010000731
003 BR-BrBNA
005 20240105123806.0
008 230509b bl.|||m| |||| 00| 0 por d
040 _aBR-BrBNA
_bpor
_cBiblioteca Nacional de Agricultura
072 _aF01
090 _a2120 BR2010000731
100 1 _aDemoner, C.A.
100 1 _aMenoli Sobrinho, N.
100 1 _aRipol, C.V.
100 1 _aTrento, E.J.
100 1 _aHaas, I.J.
100 1 _aMolin, R.N.D.
100 1 _aVieira, K.G.
100 1 _aLuz, O.O.
100 1 _aSchmitt, S.H.
100 1 _aFarias, J.D.A.T.
100 1 _aPaschoal, J.C.
100 1 _aPassos, V. de J.
100 1 _aPreto, P.R.
110 1 _aInstituto Paranaense de Assistência Técnica e Extensão, Curitiba (Brasil)
_96556
245 1 _aPlantio e formação da lavoura de café
260 3 _aCuritiba, PR (Brasil):
_c2007.
300 _a28 p.
490 _aInformação Técnica - Empresa Paranaense de Assistência Técnica e Extensão Rural (Brazil)
_vno. 74
_x
500 _a15 illus; 19 ref.
650 _aCAFÉ
650 _aCAFEICULTURA
650 _aPLANTIO
650 _aLAVOURA
650 _aMANEJO DO SOLO
650 _aPRODUÇÃO
650 _aPRODUTIVIDADE
909 _a202312
_bLúcia Elande
_c55
_dLúcia Elande
942 _2AGRIS
_n0
_cMS
999 _c297013
_d297013